The political economy of underdevelopment

Αποθηκεύτηκε σε:
Λεπτομέρειες βιβλιογραφικής εγγραφής
Κύριος συγγραφέας: Szentes, Tamas
Μορφή: Βιβλίο
Γλώσσα:English
Δημοσίευση: Budapest : Academiai Kiado, 1988
Έκδοση:5th ed.
Θέματα:
Ετικέτες: Προσθήκη ετικέτας
Δεν υπάρχουν, Καταχωρήστε ετικέτα πρώτοι!

MARC

LEADER 00000cam a2200000 i 4500
001 1/39625
008 030829s1988 eng d
020 |a 963-05-4943-3 (pbk.) 
035 |l 10070658 
040 |a GR-MY-UA  |b gre  |e aacr 
041 0 |a eng 
082 0 |a 330.91724 
100 1 |a Szentes, Tamas. 
245 1 4 |a The political economy of underdevelopment /  |c Tamas Szentes ; translated by I. Veges ; translation revised by A. Gardiner 
250 |a 5th ed. 
260 |a Budapest :   |b Academiai Kiado,   |c 1988 
300 |a 433 p. 
504 |a Includes index 
651 0 |a Developing countries. 
852 |a INST  |b CHIOS  |e 20030829  |h 330.91724 SZE  |p 005200013780  |q 005200013780  |t BK  |y 0 
901 |a BIBL2-2003-2 
909 |a Χ  |b 100242 
970 |a ΣΠΕΝΤΖΑ  |b ΕΛΕΝΗ  |z 2003/08/29